| 000 | 00427nam a22001697a 4500 | ||
|---|---|---|---|
| 003 | CEME | ||
| 005 | 20210628203552.0 | ||
| 008 | 210201b xxu||||| |||| 00| 0 eng d | ||
| 040 | _c. | ||
| 082 | _a891.4393 HAM | ||
| 100 |
_aHameed, A _959074 |
||
| 245 | _aJangle jogi aur lash | ||
| 260 |
_aLAHORE _bMAQBOOL ACADEMY _c1997 |
||
| 300 | _a287P | ||
| 650 |
_aURDU ADAB-FICTION-JANGLE JOGI AUR LASH _966307 |
||
| 942 |
_cBK _2ddc |
||
| 999 |
_c574288 _d574288 |
||